Laufey Lyrics - Silver Lining - Statistics

General Stats
  • This quiz has been taken 19 times
  • The average score is 125 of 155
Answer Stats
Lyrics % Correct
a
100%
I
100%
the
100%
The
100%
and
93%
And
93%
be
93%
for
93%
in
93%
it
93%
lining
93%
propose,
93%
silver
93%
So
93%
so
93%
there
93%
you
93%
been
86%
being
86%
cruel
86%
go
86%
I’ll
86%
I’ve
86%
long
86%
me
86%
overdue
86%
punished
86%
to
86%
we
86%
with
86%
hell,
79%
is,
79%
it’s
79%
No
79%
of
79%
on
79%
one
79%
playground
79%
time
79%
too
79%
we’re
79%
When
79%
when
79%
at
71%
called
71%
darling
71%
ever
71%
found
71%
kids
71%
love
71%
met
71%
miracle,
71%
Now
71%
rosy
71%
sweet
71%
What
71%
worst
71%
Acting
64%
away
64%
bad
64%
calm
64%
cinnamon
64%
collected
64%
dirty
64%
Drowning
64%
falling
64%
Fell
64%
fields
64%
getting
64%
habits
64%
jokes
64%
kissing
64%
like
64%
little
64%
Making
64%
Never
64%
or
64%
red
64%
sin
64%
sniffing
64%
We’ve
64%
whim
64%
wine
64%
abyss
57%
into
57%
Staring
57%
pirouette
50%
Ooh
43%
Ooh,
43%
ooh
43%
Mmm
29%
No matching quizzes found
Score Distribution
Percent of People with Each Score
Percentile by Number Answered
Your Score History
You have not taken this quiz